| 000 | 01263cam a22003377a 4500 | ||
|---|---|---|---|
| 003 | CHAP | ||
| 005 | 20220329135824.0 | ||
| 008 | 971013s1977 r 00010 d | ||
| 010 | _a42844 | ||
| 011 | _a43816 | ||
| 035 | _a47953 | ||
| 040 | _cCHAP | ||
| 090 | _aTesis | ||
| 100 | 0 | 0 |
_aPeña Rodríguez, Fernando. _986831 |
| 245 | 1 | 3 |
_aEl uso actual de la tierra como factor importante en proyectos de desarrollo agropecuario _b: un ejemplo regional a corto plazo en la región Bajo Río Tacámbaro, Mich. |
| 260 |
_aChapingo, Méx. : _bEl autor, _c1977 |
||
| 300 |
_a88 h. _b: mapas |
||
| 502 | _aTesis (Ing. Agr. Esp. en Economía Agrícola) -- ENA. Departamento de Economía Agrícola | ||
| 590 |
_aALEPH _b10 _c20130110 _lUCH01 _h1311 |
||
| 590 |
_aBATCH-UPD _b10 _c20130110 _lUCH01 _h2020 |
||
| 590 |
_aBATCH-UPD _b10 _c20130410 _lUCH01 _h1338 |
||
| 590 |
_aBATCH-UPD _b10 _c20130914 _lUCH01 _h1928 |
||
| 590 |
_aCONVERSION _b10 _c20130109 _lUCH01 _h1324 |
||
| 650 | 1 | 4 |
_aPolítica agrícola _xMichoacán. _990336 |
| 650 | 1 | 4 |
_aTierras _xAprovechamiento _xMichoacán. _9113083 |
| 650 | 1 | 4 |
_aTierras _xTenencia _xMichoacán. _9113180 |
| 901 | _aBK | ||
| 942 | _cFOLL | ||
| 949 |
_bBC _cTES _d-108798 _eTS1 _i47953 _si |
||
| 949 |
_bBC _cTES _d-108799 _eTS2 _fc.2 _i47953 _si |
||
| 999 |
_c42844 _d42844 |
||